Convención internacional de los derechos del niño

Сохранить в:
Библиографические подробности
Формат:
Язык:испанский
Опубликовано: Santiago Comisión Chilena de Derechos del niño 1991
Предметы:
Метки: Добавить метку
Нет меток, Требуется 1-ая метка записи!

MARC

LEADER 00000nam a2200000 a 4500
001 UCV3125
003 CL-VaPUC
008 930413e19910000cl |||||||||||||||||spa|d
082 0 4 |a 341.481  |b CON  |2 21 
245 1 0 |a Convención internacional de los derechos del niño 
300 |a 36 p 
942 |c BK 
945 |d 19930413 00:00:00 
260 |a Santiago  |b Comisión Chilena de Derechos del niño  |c 1991 
500 |a Aprobado por la asamblea general de las Naciones Unidas en noviembre de 1989, y por el Estado Chileno el 14 de agosto de 1990 
650 0 |a Derechos del niño  |9 258728 
583 |a last modification  |c 20140828 11:12:34  |k Rodrigo Vera 
999 |c 210456  |d 210454 
952 |0 0  |1 0  |2 ddc  |4 0  |6 341_481000000000000_CON_1991  |7 0  |8 A  |9 186737  |a BIBDER  |b BIBDER  |d 2019-11-14  |i 2543311  |o 341.481 CON 1991  |p 2543311  |r 2023-01-25  |w 2019-11-14  |y MX  |k DER